| 000 | 00567nam a2200229Ia 4500 | ||
|---|---|---|---|
| 003 | 0100 | ||
| 008 | 130303s9999 xx 000 0 und d | ||
| 020 | _a052133991X | ||
| 040 | _cARRUPELIB | ||
| 050 | _aBL41.M63 1987 | ||
| 100 | _aMorris, Brian | ||
| 245 | _aAnthropological studies of religion | ||
| 245 | _ban introductory text | ||
| 260 | _aCambridge | ||
| 260 | _bCambridge University Press | ||
| 260 | _C1987 | ||
| 300 | _aix | ||
| 300 | _b 369 p. 24cm. | ||
| 650 | _aRELIGION | ||
| 650 | _bPolitical science--Early works to 1800 | ||
| 942 | 0 | 0 | _01 |
| 999 |
_c13234 _d13234 |
||